| 000 | 00780nam a22002177a 4500 | ||
|---|---|---|---|
| 003 | OSt | ||
| 005 | 20251205012140.0 | ||
| 008 | 251205b |||||||| |||| 00| 0 eng d | ||
| 020 | _a9715693148 | ||
| 040 |
_aDWCL - Main _cOC |
||
| 082 | _aFil. 597.6 Al346p 1998 | ||
| 100 |
_aAlcala, Angel C. _eAuthor |
||
| 245 |
_aPhilippine amphibians : _ban illustrated field guide / _cAngel C. Alcala and Walter C. Brown |
||
| 260 |
_aMakati City, Philippines: _bBookmark, Inc., _cc1998. |
||
| 300 |
_axii, 116 p.: _bcol. ill.; _c16 cm. |
||
| 504 | _aIncludes bibliographical references and indexes. | ||
| 650 | _a1. Amphibians -- Geographical distribution. | ||
| 650 | _a2. Amphibians -- Philippines -- Research. | ||
| 700 |
_aI. Brown, Walter C. _eAuthor |
||
| 942 |
_2ddc _cBK - FIL _n0 |
||
| 999 |
_c6888 _d6888 |
||